<?xml version="1.0" encoding="UTF-8"?>
<record
    xmlns:xsi="http://www.w3.org/2001/XMLSchema-instance"
    xsi:schemaLocation="http://www.loc.gov/MARC21/slim http://www.loc.gov/standards/marcxml/schema/MARC21slim.xsd"
    xmlns="http://www.loc.gov/MARC21/slim">

  <leader>03280nam0a2200385   4500</leader>
  <controlfield tag="001">RU\NLR\BIBL_A\011320456</controlfield>
  <controlfield tag="005">20260405160402.0</controlfield>
  <datafield tag="010" ind1=" " ind2=" ">
    <subfield code="a">978-5-9710-4210-5</subfield>
  </datafield>
  <datafield tag="021" ind1=" " ind2=" ">
    <subfield code="a">RU</subfield>
    <subfield code="b">2016-102340</subfield>
    <subfield code="9">6815</subfield>
  </datafield>
  <datafield tag="035" ind1=" " ind2=" ">
    <subfield code="a">(NLR Aleph) 011320456</subfield>
  </datafield>
  <datafield tag="090" ind1=" " ind2=" ">
    <subfield code="a">11074849</subfield>
    <subfield code="c">11074849</subfield>
  </datafield>
  <datafield tag="100" ind1=" " ind2=" ">
    <subfield code="a">20170203d2016    |||y0rusy50      ca</subfield>
  </datafield>
  <datafield tag="101" ind1="0" ind2=" ">
    <subfield code="a">rus</subfield>
  </datafield>
  <datafield tag="102" ind1=" " ind2=" ">
    <subfield code="a">RU</subfield>
  </datafield>
  <datafield tag="105" ind1=" " ind2=" ">
    <subfield code="a">y|||z|||000zy</subfield>
  </datafield>
  <datafield tag="200" ind1="1" ind2=" ">
    <subfield code="a">&#x420;&#x443;&#x441;&#x441;&#x43A;&#x430;&#x44F; &#x438;&#x441;&#x442;&#x43E;&#x440;&#x438;&#x447;&#x435;&#x441;&#x43A;&#x430;&#x44F; &#x433;&#x435;&#x43E;&#x433;&#x440;&#x430;&#x444;&#x438;&#x44F;</subfield>
    <subfield code="e">&#x43C;&#x43E;&#x440;&#x434;&#x432;&#x430;</subfield>
    <subfield code="e">&#x441; &#x43F;&#x440;&#x438;&#x43B;&#x43E;&#x436;&#x435;&#x43D;&#x438;&#x435;&#x43C; &#x440;&#x430;&#x431;&#x43E;&#x442; "&#x41F;&#x43E;&#x433;&#x440;&#x435;&#x431;&#x430;&#x43B;&#x44C;&#x43D;&#x44B;&#x435; &#x43C;&#x430;&#x441;&#x43A;&#x438;, &#x438;&#x445; &#x443;&#x43F;&#x43E;&#x442;&#x440;&#x435;&#x431;&#x43B;&#x435;&#x43D;&#x438;&#x435; &#x438; &#x437;&#x43D;&#x430;&#x447;&#x435;&#x43D;&#x438;&#x435;" &#x438; "&#x427;&#x435;&#x440;&#x435;&#x43C;&#x438;&#x441;&#x441;&#x43A;&#x430;&#x44F; &#x441;&#x435;&#x43A;&#x442;&#x430; &#x43A;&#x443;&#x433;&#x443; &#x441;&#x43E;&#x440;&#x442;&#x430;. &#x41E;&#x43F;&#x44B;&#x442; &#x438;&#x441;&#x441;&#x43B;&#x435;&#x434;&#x43E;&#x432;&#x430;&#x43D;&#x438;&#x44F; &#x440;&#x435;&#x43B;&#x438;&#x433;&#x438;&#x43E;&#x437;&#x43D;&#x44B;&#x445; &#x434;&#x432;&#x438;&#x436;&#x435;&#x43D;&#x438;&#x439; &#x441;&#x440;&#x435;&#x434;&#x438; &#x43F;&#x43E;&#x432;&#x43E;&#x43B;&#x436;&#x441;&#x43A;&#x438;&#x445; &#x438;&#x43D;&#x43E;&#x440;&#x43E;&#x434;&#x446;&#x435;&#x432;"</subfield>
    <subfield code="f">&#x421;.&#x41A;. &#x41A;&#x443;&#x437;&#x43D;&#x435;&#x446;&#x43E;&#x432;</subfield>
  </datafield>
  <datafield tag="205" ind1=" " ind2=" ">
    <subfield code="a">[&#x420;&#x435;&#x43F;&#x440;. &#x43F;&#x43E; &#x438;&#x437;&#x434;&#x430;&#x43D;&#x438;&#x44F;&#x43C;: &#x420;&#x443;&#x441;&#x441;&#x43A;&#x430;&#x44F; &#x438;&#x441;&#x442;&#x43E;&#x440;&#x438;&#x447;&#x435;&#x441;&#x43A;&#x430;&#x44F; &#x433;&#x435;&#x43E;&#x433;&#x440;&#x430;&#x444;&#x438;&#x44F;. &#x412;&#x44B;&#x43F;. 2: &#x41C;&#x443;&#x440;&#x43E;&#x43C;&#x430;. &#x41C;&#x43E;&#x441;&#x43A;&#x432;&#x430;, 1912; &#x41F;&#x43E;&#x433;&#x440;&#x435;&#x431;&#x430;&#x43B;&#x44C;&#x43D;&#x44B;&#x435; &#x43C;&#x430;&#x441;&#x43A;&#x438;, &#x438;&#x445; &#x443;&#x43F;&#x43E;&#x442;&#x440;&#x435;&#x431;&#x43B;&#x435;&#x43D;&#x438;&#x435; &#x438; &#x437;&#x43D;&#x430;&#x447;&#x435;&#x43D;&#x438;&#x435;". &#x41A;&#x430;&#x437;&#x430;&#x43D;&#x44C;, 1906; &#x427;&#x435;&#x440;&#x435;&#x43C;&#x438;&#x441;&#x441;&#x43A;&#x430;&#x44F; &#x441;&#x435;&#x43A;&#x442;&#x430; &#x43A;&#x443;&#x433;&#x443; &#x441;&#x43E;&#x440;&#x442;&#x430;. &#x41E;&#x43F;&#x44B;&#x442; &#x438;&#x441;&#x441;&#x43B;&#x435;&#x434;&#x43E;&#x432;&#x430;&#x43D;&#x438;&#x44F; &#x440;&#x435;&#x43B;&#x438;&#x433;&#x438;&#x43E;&#x437;&#x43D;&#x44B;&#x445; &#x434;&#x432;&#x438;&#x436;&#x435;&#x43D;&#x438;&#x439; &#x441;&#x440;&#x435;&#x434;&#x438; &#x43F;&#x43E;&#x432;&#x43E;&#x43B;&#x436;&#x441;&#x43A;&#x438;&#x445; &#x438;&#x43D;&#x43E;&#x440;&#x43E;&#x434;&#x446;&#x435;&#x432;. &#x41C;&#x43E;&#x441;&#x43A;&#x432;&#x430;, 1909]</subfield>
  </datafield>
  <datafield tag="210" ind1=" " ind2=" ">
    <subfield code="a">&#x41C;&#x43E;&#x441;&#x43A;&#x432;&#x430;</subfield>
    <subfield code="c">URSS</subfield>
    <subfield code="c">&#x41B;&#x415;&#x41D;&#x410;&#x41D;&#x414;</subfield>
    <subfield code="d">2016</subfield>
    <subfield code="d">(&#x43C;&#x430;&#x43A;&#x435;&#x442; 2017)</subfield>
  </datafield>
  <datafield tag="215" ind1=" " ind2=" ">
    <subfield code="a">178, [2] &#x441;.</subfield>
    <subfield code="d">22</subfield>
  </datafield>
  <datafield tag="225" ind1="1" ind2=" ">
    <subfield code="a">&#x410;&#x43A;&#x430;&#x434;&#x435;&#x43C;&#x438;&#x44F; &#x444;&#x443;&#x43D;&#x434;&#x430;&#x43C;&#x435;&#x43D;&#x442;&#x430;&#x43B;&#x44C;&#x43D;&#x44B;&#x445; &#x438;&#x441;&#x441;&#x43B;&#x435;&#x434;&#x43E;&#x432;&#x430;&#x43D;&#x438;&#x439;: &#x44D;&#x442;&#x43D;&#x43E;&#x43B;&#x43E;&#x433;&#x438;&#x44F;</subfield>
  </datafield>
  <datafield tag="300" ind1=" " ind2=" ">
    <subfield code="a">&#x41D;&#x430; 4-&#x439; &#x441;. &#x43E;&#x431;&#x43B;. &#x430;&#x432;&#x442;.: &#x421;.&#x41A;. &#x41A;&#x443;&#x437;&#x43D;&#x435;&#x446;&#x43E;&#x432;, &#x438;&#x441;&#x442;&#x43E;&#x440;&#x438;&#x43A;, &#x430;&#x440;&#x445;&#x435;&#x43E;&#x43B;&#x43E;&#x433;, &#x44D;&#x442;&#x43D;&#x43E;&#x433;&#x440;&#x430;&#x444;</subfield>
  </datafield>
  <datafield tag="320" ind1=" " ind2=" ">
    <subfield code="a">&#x411;&#x438;&#x431;&#x43B;&#x438;&#x43E;&#x433;&#x440;. &#x432; &#x43F;&#x43E;&#x434;&#x441;&#x442;&#x440;&#x43E;&#x447;. &#x43F;&#x440;&#x438;&#x43C;&#x435;&#x447;.</subfield>
  </datafield>
  <datafield tag="455" ind1=" " ind2="0">
    <subfield code="1">2001#$a&#x420;&#x443;&#x441;&#x441;&#x43A;&#x430;&#x44F; &#x438;&#x441;&#x442;&#x43E;&#x440;&#x438;&#x447;&#x435;&#x441;&#x43A;&#x430;&#x44F; &#x433;&#x435;&#x43E;&#x433;&#x440;&#x430;&#x444;&#x438;&#x44F;$h&#x432;&#x44B;&#x43F;. 2$i&#x41C;&#x43E;&#x440;&#x434;&#x432;&#x430;</subfield>
    <subfield code="1">210##$a&#x41C;&#x43E;&#x441;&#x43A;&#x432;&#x430;$c&#x41F;&#x435;&#x447;&#x430;&#x442;&#x43D;&#x44F; &#x410;.&#x418;. &#x421;&#x43D;&#x435;&#x433;&#x438;&#x440;&#x451;&#x432;&#x43E;&#x439;$d1912</subfield>
    <subfield code="t">&#x420;&#x443;&#x441;&#x441;&#x43A;&#x430;&#x44F; &#x438;&#x441;&#x442;&#x43E;&#x440;&#x438;&#x447;&#x435;&#x441;&#x43A;&#x430;&#x44F; &#x433;&#x435;&#x43E;&#x433;&#x440;&#x430;&#x444;&#x438;&#x44F;</subfield>
  </datafield>
  <datafield tag="455" ind1=" " ind2="0">
    <subfield code="1">2001#$a&#x41F;&#x43E;&#x433;&#x440;&#x435;&#x431;&#x430;&#x43B;&#x44C;&#x43D;&#x44B;&#x435; &#x43C;&#x430;&#x441;&#x43A;&#x438;, &#x438;&#x445; &#x443;&#x43F;&#x43E;&#x442;&#x440;&#x435;&#x431;&#x43B;&#x435;&#x43D;&#x438;&#x435; &#x438; &#x437;&#x43D;&#x430;&#x447;&#x435;&#x43D;&#x438;&#x435;</subfield>
    <subfield code="1">210##$a&#x41A;&#x430;&#x437;&#x430;&#x43D;&#x44C;$c&#x422;&#x438;&#x43F;&#x43E;&#x43B;&#x438;&#x442;&#x43E;&#x433;&#x440;&#x430;&#x444;&#x438;&#x44F; &#x418;&#x43C;&#x43F;&#x435;&#x440;&#x430;&#x442;&#x43E;&#x440;&#x441;&#x43A;&#x43E;&#x433;&#x43E; &#x443;&#x43D;&#x438;&#x432;&#x435;&#x440;&#x441;&#x438;&#x442;&#x435;&#x442;&#x430;$d1906</subfield>
    <subfield code="t">&#x41F;&#x43E;&#x433;&#x440;&#x435;&#x431;&#x430;&#x43B;&#x44C;&#x43D;&#x44B;&#x435; &#x43C;&#x430;&#x441;&#x43A;&#x438;, &#x438;&#x445; &#x443;&#x43F;&#x43E;&#x442;&#x440;&#x435;&#x431;&#x43B;&#x435;&#x43D;&#x438;&#x435; &#x438; &#x437;&#x43D;&#x430;&#x447;&#x435;&#x43D;&#x438;&#x435;</subfield>
  </datafield>
  <datafield tag="455" ind1=" " ind2="0">
    <subfield code="1">2001#$a&#x427;&#x435;&#x440;&#x435;&#x43C;&#x438;&#x441;&#x441;&#x43A;&#x430;&#x44F; &#x441;&#x435;&#x43A;&#x442;&#x430; &#x43A;&#x443;&#x433;&#x443; &#x441;&#x43E;&#x440;&#x442;&#x430;. &#x41E;&#x43F;&#x44B;&#x442; &#x438;&#x441;&#x441;&#x43B;&#x435;&#x434;&#x43E;&#x432;&#x430;&#x43D;&#x438;&#x44F; &#x440;&#x435;&#x43B;&#x438;&#x433;&#x438;&#x43E;&#x437;&#x43D;&#x44B;&#x445; &#x434;&#x432;&#x438;&#x436;&#x435;&#x43D;&#x438;&#x439; &#x441;&#x440;&#x435;&#x434;&#x438; &#x43F;&#x43E;&#x432;&#x43E;&#x43B;&#x436;&#x441;&#x43A;&#x438;&#x445; &#x438;&#x43D;&#x43E;&#x440;&#x43E;&#x434;&#x446;&#x435;&#x432;</subfield>
    <subfield code="1">210##$a&#x41C;&#x43E;&#x441;&#x43A;&#x432;&#x430;$c&#x422;&#x438;&#x43F;&#x43E;&#x433;&#x440;&#x430;&#x444;&#x438;&#x44F; &#x418;&#x43C;&#x43F;&#x435;&#x440;&#x430;&#x442;&#x43E;&#x440;&#x441;&#x43A;&#x43E;&#x433;&#x43E; &#x41C;&#x43E;&#x441;&#x43A;&#x43E;&#x432;&#x441;&#x43A;&#x43E;&#x433;&#x43E; &#x443;&#x43D;&#x438;&#x432;&#x435;&#x440;&#x441;&#x438;&#x442;&#x435;&#x442;&#x430;$d1909</subfield>
    <subfield code="t">&#x427;&#x435;&#x440;&#x435;&#x43C;&#x438;&#x441;&#x441;&#x43A;&#x430;&#x44F; &#x441;&#x435;&#x43A;&#x442;&#x430; &#x43A;&#x443;&#x433;&#x443; &#x441;&#x43E;&#x440;&#x442;&#x430;. &#x41E;&#x43F;&#x44B;&#x442; &#x438;&#x441;&#x441;&#x43B;&#x435;&#x434;&#x43E;&#x432;&#x430;&#x43D;&#x438;&#x44F; &#x440;&#x435;&#x43B;&#x438;&#x433;&#x438;&#x43E;&#x437;&#x43D;&#x44B;&#x445; &#x434;&#x432;&#x438;&#x436;&#x435;&#x43D;&#x438;&#x439; &#x441;&#x440;&#x435;&#x434;&#x438; &#x43F;&#x43E;&#x432;&#x43E;&#x43B;&#x436;&#x441;&#x43A;&#x438;&#x445; &#x438;&#x43D;&#x43E;&#x440;&#x43E;&#x434;&#x446;&#x435;&#x432;</subfield>
  </datafield>
  <datafield tag="606" ind1="1" ind2=" ">
    <subfield code="a">&#x41C;&#x43E;&#x440;&#x434;&#x432;&#x430;</subfield>
    <subfield code="x">&#x42D;&#x442;&#x43D;&#x43E;&#x433;&#x440;&#x430;&#x444;&#x438;&#x447;&#x435;&#x441;&#x43A;&#x438;&#x435; &#x438;&#x441;&#x441;&#x43B;&#x435;&#x434;&#x43E;&#x432;&#x430;&#x43D;&#x438;&#x44F;</subfield>
    <subfield code="9">1645622</subfield>
    <subfield code="3">RU\NLR\AUTH\66728067</subfield>
  </datafield>
  <datafield tag="606" ind1="1" ind2=" ">
    <subfield code="a">&#x420;&#x435;&#x43B;&#x438;&#x433;&#x438;&#x44F;</subfield>
    <subfield code="x">&#x41C;&#x430;&#x440;&#x438;&#x439;&#x446;&#x44B;</subfield>
    <subfield code="9">2094324</subfield>
    <subfield code="3">RU\NLR\AUTH\661267305</subfield>
  </datafield>
  <datafield tag="686" ind1="1" ind2=" ">
    <subfield code="a">&#x422;52(235=&#x41C;&#x43E;)</subfield>
  </datafield>
  <datafield tag="686" ind1="2" ind2=" ">
    <subfield code="a">&#x42D;319.1(235=&#x41C;)</subfield>
  </datafield>
  <datafield tag="700" ind1=" " ind2="1">
    <subfield code="8">rus</subfield>
    <subfield code="7">ca</subfield>
    <subfield code="a">&#x41A;&#x443;&#x437;&#x43D;&#x435;&#x446;&#x43E;&#x432;</subfield>
    <subfield code="b">&#x421;. &#x41A;.</subfield>
    <subfield code="c">&#x44D;&#x442;&#x43D;&#x43E;&#x433;&#x440;&#x430;&#x444; &#x438; &#x430;&#x440;&#x445;&#x435;&#x43E;&#x43B;&#x43E;&#x433;</subfield>
    <subfield code="f">1854-1913</subfield>
    <subfield code="g">&#x421;&#x442;&#x435;&#x444;&#x430;&#x43D; &#x41A;&#x438;&#x440;&#x43E;&#x432;&#x438;&#x447;</subfield>
    <subfield code="3">RU\NLR\AUTH\7767030</subfield>
    <subfield code="9">49958</subfield>
  </datafield>
  <datafield tag="942" ind1=" " ind2=" ">
    <subfield code="c">BOOK</subfield>
  </datafield>
  <datafield tag="980" ind1=" " ind2=" ">
    <subfield code="a">NB</subfield>
  </datafield>
  <datafield tag="995" ind1=" " ind2=" ">
    <subfield code="5">2017-02-03</subfield>
    <subfield code="a">ad</subfield>
    <subfield code="b">NLR01</subfield>
    <subfield code="c">NLR01</subfield>
    <subfield code="e">RF31</subfield>
    <subfield code="f">1-1685791</subfield>
    <subfield code="k">2017-5/713</subfield>
    <subfield code="o">0</subfield>
    <subfield code="r">BOOK</subfield>
    <subfield code="s">20175713_</subfield>
  </datafield>
  <datafield tag="995" ind1=" " ind2=" ">
    <subfield code="5">2017-02-03</subfield>
    <subfield code="a">ad</subfield>
    <subfield code="b">NLR01</subfield>
    <subfield code="c">NLR01</subfield>
    <subfield code="e">RF31</subfield>
    <subfield code="f">1-1685792</subfield>
    <subfield code="k">2017-5/713</subfield>
    <subfield code="o">0</subfield>
    <subfield code="r">BOOK</subfield>
    <subfield code="s">20175713_</subfield>
  </datafield>
</record>
